LIBRARY & INFORMATION CENTRE, KCAET, TAVANUR

ONLINE PUBLIC ACCESS CATALOGUE (OPAC)

Thatwa chinthayum mathavum, Vol 6 / (Record no. 6172)

MARC details
000 -LEADER
fixed length control field 00381cam a2200145ua 4500
003 - CONTROL NUMBER IDENTIFIER
control field OSt
008 - FIXED-LENGTH DATA ELEMENTS--GENERAL INFORMATION
fixed length control field 231204b |||||||| |||| 00| 0 eng d
041 ## - LANGUAGE CODE
Language code of text/sound track or separate title mal
082 ## - DEWEY DECIMAL CLASSIFICATION NUMBER
Classification number 320.58G
Item number GAN/TA
100 ## - MAIN ENTRY--AUTHOR NAME
Personal name Gandhi, Mahatma .
245 ## - TITLE STATEMENT
Title Thatwa chinthayum mathavum, Vol 6 /
260 ## - PUBLICATION, DISTRIBUTION, ETC. (IMPRINT)
Place of publication Thiruvananthapuram :
Name of publisher Gandhi Smaraka Nidhi ,
Year of publication 1961.
300 ## - PHYSICAL DESCRIPTION
Number of Pages 520 ; .
942 ## - ADDED ENTRY ELEMENTS (KOHA)
Koha item type Books
Holdings
Withdrawn status Lost status Damaged status Home library Current library Date acquired Full call number Accession Number Koha item type
Withdrawn     KAUAET Sanskrit University 07/04/2012 320.58G 17 Books
free website counter